Posúdenie rentability ohrevu TUV parou a elektrickou špirálou

Saved in:
Bibliographic Details
Main Author: Maďar, Juraj (Author)
Other Authors: Világi, František (Thesis advisor)
Format: Manuscript Book
Language:Slovak
Published: 2023
Subjects:
Online Access:http://is.stuba.sk/zp/portal_zp.pl?podrobnosti=170361
Tags: Add Tag
No Tags, Be the first to tag this record!

MARC

LEADER 00000ntm a22000003a 4500
001 stuzp93920
003 SK-STU
005 20240319102147.5
007 ta
008 150427s2015----xo-----f-mn---000-0-slo-d
040 |a STU  |b slo 
041 0 |a slo 
100 1 |a Maďar, Juraj  |u 020060  |4 aut  |U SjF Strojnícka fakulta  |T SjF Ústav energetických strojov a zariadení  |X 98588  |U J0060  |Y 805  |7 98588 
242 0 1 |a Profitability assessment of DHW heating with steam and electric spiral  |y eng 
245 1 0 |a Posúdenie rentability ohrevu TUV parou a elektrickou špirálou 
260 |c 2023 
650 4 |a teplá úžitková voda  |2 slo 
650 4 |a teplovodný elektrokotol  |2 slo 
650 4 |a parný ohrev  |2 slo 
650 4 |a príprava TÚV  |2 slo 
650 4 |a zásobníkový ohrievač vody  |2 slo 
650 4 |a hot water electric boiler  |2 eng 
650 4 |a steam heating  |2 eng 
650 4 |a domestic hot water  |2 eng 
650 4 |a DHW preparation  |2 eng 
650 4 |a storage water heater  |2 eng 
700 1 |a Világi, František  |u 020060  |k Z1  |4 ths  |U SjF Strojnícka fakulta  |T SjF Ústav energetických strojov a zariadení  |X 68944  |U J0060  |Y 805  |7 A000068944 
856 4 |u http://is.stuba.sk/zp/portal_zp.pl?podrobnosti=170361 
996 |b 284J047345  |c J* 3565/DDP  |l JJSK  |s A  |a 24  |w stuzp93920_0001